Data Structures Through C in Depth (Record no. 84017)
[ view plain ]
| 000 -LEADER | |
|---|---|
| fixed length control field | 00305nam a2200109Ia 4500 |
| 082 ## - DEWEY DECIMAL CLASSIFICATION NUMBER | |
| Classification number | 005.73 |
| 100 ## - MAIN ENTRY--AUTHOR NAME | |
| Personal name | Srivastava, S. K. / Srivastava, Deepali |
| 245 ## - TITLE STATEMENT | |
| Title | Data Structures Through C in Depth |
| 260 ## - PUBLICATION, DISTRIBUTION, ETC. (IMPRINT) | |
| Place of publication | N. Delhi |
| Name of publisher | BPB Publications |
| Year of publication | 2018 |
| 942 ## - ADDED ENTRY ELEMENTS (KOHA) | |
| Koha item type | Z |
| Withdrawn status | Lost status | Home library | Current library | Date acquired | Full call number | Accession Number | Koha item type | Department |
|---|---|---|---|---|---|---|---|---|
| Modern College of Arts, Science and Commerce (Autonomous), Shivajinagar, Pune-5 | Modern College of Arts, Science and Commerce (Autonomous), Shivajinagar, Pune-5 | 005.73 | Z-42 | Z | Computer Science |
